Faktory rozvoja cestovného ruchu v regióne Tekov bakalárska práca

Na minha lista:
Detalhes bibliográficos
Autor principal: Királyová, Stela
Autor Corporativo: Obchodná fakulta EU. Katedra služieb a cestovného ruchu - zrušené
Outros Autores: Naďová Krošláková, Monika, 1975-
Formato: Livro
Idioma:eslovaco
Publicado em: Bratislava 2021
Tags: Adicionar Tag
Sem tags, seja o primeiro a adicionar uma tag!

MARC

LEADER 00000nbm a2200000 4500
001 0275946
005 20220203120203.7
041 0 |a slo 
044 |a SK 
245 1 0 |a Faktory rozvoja cestovného ruchu v regióne Tekov  |b bakalárska práca  |c Stela Királyová ; školiteľ: Monika Naďová Krošláková 
264 1 |a Bratislava  |c 2021 
300 |a 58 s. 
100 1 |a Királyová, Stela 
700 1 |a Naďová Krošláková, Monika, 1975- 
710 2 |a Obchodná fakulta EU. Katedra služieb a cestovného ruchu - zrušené